000 00518nam a2200205Ia 4500
005 20250508150340.0
008 008 250505s9999 xx 000 0 eng d
037 _aTextual
040 _aFEDL
_beng
_cFEDL
041 _aeng
_2eng
084 _a150.9, FLU
_qFEDL
100 _aFlugei J C
_9756470
245 0 _aHundred years of psychology 1833-1933
260 _c1933
300 _a384p.
365 _aINR
_b14
650 _aPsychology
942 _cTEXL
_h150.9, FLU
999 _c1323137
_d1323137